Chansons françaises par paroles commençant par S - Statistiques

Statistiques générales
  • Ce quiz a été pris 151 fois
  • Le résultat moyen est 13 sur 20
Statistiques - réponses
Hint Réponse % Correct
On prétend que là-bas l'argent coule à flots Hisse et ho ________ On trouve l'or au fond des ruisseaux J'en ramènerai plusieurs lingots Santiano
96%
Et pour un empire Je ne veux me dévêtir Puisque ________ Je suis un garçon Sans contrefaçon
89%
Bien sûr que c'est vraiment facile, facile C'est même complètement débile, débile C'est pas fait pour penser, c'est fait pour faire la fête C'est fait pour se toucher, se frotter les arêtes Alors on se rassemble à cinq, à six ou sept Et puis on saute ensemble en chantant à tue-tête Les {sardines}
81%
Tant de fois j'ai grimpé
Jusqu'au plus haut des cimes Que je m'suis retrouvé ________ au fond de l'abîme ________ au fond de l'abîme Celui qui n'a jamais été ________ Au moins une fois dans sa vie
Seul
80%
Apprendre à sourire Rien que pour le geste Sans vouloir le reste Et apprendre à vivre Et s'en aller Savoir aimer
77%
Je ne sais, ne sais, ne sais pas pourquoi On s'aime comme ça la ________ et moi Sur le pont des Arts, mon cœur vacille Entre deux eaux, l'air est si bon Cet air si pur, je le respire Nos reflets perchés sur ce pont La {Seine}
74%
Oui je suis Belzébuth (horreur) Je suis un bouc je suis en rut (horreur malheur) Oui oui oui je vis dans l'ordure (horreur) Je pue la sueur et la luxure Je fume je bois j'ai tous les vices Et j'ai du poil partout sur les cuisses Je vous déteste je vous maudis J'suis complètement pourri La {salsa du démon}
73%
J’ai pas la chance de Neil Armstrong J’ai pas la carrure de King Kong Plusieurs cordes à mon arc La ferveur de Rosa Parks Ni le courage de Mandela Soulman
71%
Vis Entre les vagues et le ciel Tu n'seras jamais plus belle Que cette chanson qui t'appelle Oh prends-moi la main viens danser J'ai dessiné sur ta peau Un palmier au bord de l'eau Qu'est-ce qu'on est bien tout est beau Ah fa mi fa sol do Les {sunlights des tropiques}
70%
Lumière des projecteurs qui réchauffe mon cœur Tout au fond de moi, je n’ai plus jamais peur J’ai trouvé le sens de la raison qui m’entraîne À chaque pas sur le devant de la scène Le {sens de la vie}
69%
Le temps dure longtemps Et la vie sûrement Plus d'un million d'années Et toujours en été Un jour ou l'autre il faudra qu'il y ait la guerre On le sait bien On n'aime pas ça mais on ne sait pas quoi faire On dit c'est le destin Le {sud}
69%
C'est une maison bleue Adossée à la colline On y vient à pied On ne frappe pas Ceux qui vivent là Ont jeté la clé San Francisco
68%
Passe avant minuit Je vais t’faire vivre un dream Avance sur la piste Les yeux sont rivés sur toi Les habits qui brillent Telles les mille et une nuits Paris est vraiment ma-ma-ma-magique Sapés comme jamais
63%
Simplet à la culture me semble une évidence Tintin à la police et Picsou aux finances Zorro à la justice et Minnie à la danse Est-ce que tu s'rais content Si j'étais président
56%
Aussi vrai que de loin je lui parle
J'apprends tout seul à faire mes armes
Aussi vrai qu'j'arrête pas d'y penser
________
Est-ce qu'il va me faire un signe
Manquer d'amour n'est pas un crime
J'ai qu'une prière à lui adresser
Si seulement je pouvais lui manquer
53%
Sur mon chemin, j’ai croisé pas mal d’anciens Ils m'parlaient du lendemain et que tout allait si vite Ne me parle pas de nostalgie Parce que j't’avoue qu'mon cœur est trop fragile J’suis comme un pirate naufragé Oui mon équipage est plus qu'endommagé Je sèche mes larmes, j'baisse les armes Sur ma route
52%
Et chaque nuit le peuple danse en douceur Croit qu'il peut exorciser la douleur Puis lentement quitte les transes en douceur Alors revient dans sa conscience la douleur Au fond de lui sent cette peur immense De voir mourir ce sentiment d'amour intense Sauver l'amour
40%
Entre toute autre chose
J'aurais dû m'arrêter faire une pause
Mais j'étais trop pressé
N'aurait-on pas pu attendre un été
Erreur fatale
J'aurais dû t'écouter
Je ne dissociais plus le bien du mal
Sur la route
40%
________, j'ai traversé la mer J'oublie pas ceux qui s'lèvent tôt pour un salaire J'aime pas me vanter, j'fais c'qu'il y a à faire Et j'aimerais qu'les miens sortent tous de la galère Quitter la galère, harraga dans les rues d'Palerme Une p'tite italienne qui m'aime et qui m'fait les papels Suavemente
23%
Et le temps défile comme un train Moi je suis à la fenêtre Je suis si peu habile que demain Le bonheur passera peut-être Sans que je sache le reconnaître Si maman si
20%
Aucun quiz correspondant
Distribution des résultats
% des personnes avec chaque résultat
Percentile par nombre de réponses
Votre historique - résultats
Vous n’avez pas pris ce quiz